Litho-facies and paleotectonic background of hydrocarbon reservoirs in North Kalinov gas-condensate field (Tomsk Oblast); IOP Conference Series: Earth and Environmental Science; Vol. 27 : Problems of Geology and Subsurface Development

Opis bibliograficzny
Parent link:IOP Conference Series: Earth and Environmental Science
Vol. 27 : Problems of Geology and Subsurface Development.— 2015.— [012018, 6 p.]
1. autor: Ten T. G. Tatyana Georgievna
organizacja autorów: Национальный исследовательский Томский политехнический университет (ТПУ) Институт природных ресурсов (ИПР) Кафедра геологии и разведки полезных ископаемых (ГРПИ), Национальный исследовательский Томский политехнический университет (ТПУ) Институт природных ресурсов (ИПР) Кафедра иностранных языков (ИЯПР)
Kolejni autorzy: Panova E. V. Elena Vladimirovna, Abramova R. N. Raisa Nikolaevna
Streszczenie:Title screen
Based on micro-macroscopic core analysis, geophysical field data, contour mapping and referencing detailed litho-facies and paleotectonic investigation of Upper Jurassic pay thickness in North Kalinov gas condensate field was conducted. Paleotectonic analysis reflected the structure development history and determined the formation and distribution of oil fields.
Режим доступа: по договору с организацией-держателем ресурса
Język:angielski
Wydane: 2015
Seria:Petroleum Geology. Current Exploration and Extraction Methods
Hasła przedmiotowe:
Dostęp online:http://dx.doi.org/10.1088/1755-1315/27/1/012018
http://earchive.tpu.ru/handle/11683/19917
Format: Elektroniczne Rozdział
KOHA link:https://koha.lib.tpu.ru/cgi-bin/koha/opac-detail.pl?biblionumber=645076

MARC

LEADER 00000nla2a2200000 4500
001 645076
005 20231222095413.0
035 |a (RuTPU)RU\TPU\network\10160 
035 |a RU\TPU\network\10159 
090 |a 645076 
100 |a 20151209a2015 k y0engy50 ba 
101 0 |a eng 
105 |a y z 100zy 
135 |a drcn ---uucaa 
181 0 |a i  
182 0 |a b 
200 1 |a Litho-facies and paleotectonic background of hydrocarbon reservoirs in North Kalinov gas-condensate field (Tomsk Oblast)  |f T. G. Ten, E. V. Panova, R. N. Abramova 
203 |a Text  |c electronic 
225 1 |a Petroleum Geology. Current Exploration and Extraction Methods 
300 |a Title screen 
320 |a [References: 5 tit.] 
330 |a Based on micro-macroscopic core analysis, geophysical field data, contour mapping and referencing detailed litho-facies and paleotectonic investigation of Upper Jurassic pay thickness in North Kalinov gas condensate field was conducted. Paleotectonic analysis reflected the structure development history and determined the formation and distribution of oil fields. 
333 |a Режим доступа: по договору с организацией-держателем ресурса 
461 0 |0 (RuTPU)RU\TPU\network\2499  |t IOP Conference Series: Earth and Environmental Science 
463 0 |0 (RuTPU)RU\TPU\network\10088  |t Vol. 27 : Problems of Geology and Subsurface Development  |o XIX International Scientific Symposium in honor of Academician M. A. Usov, 6–10 April 2015, Tomsk, Russia  |v [012018, 6 p.]  |d 2015 
610 1 |a электронный ресурс 
610 1 |a труды учёных ТПУ 
610 1 |a месторождения углеводородов 
610 1 |a газоконденсатные месторождения 
610 1 |a Томская область 
610 1 |a палеотектонический анализ 
610 1 |a нефтяные месторождения 
700 1 |a Ten  |b T. G.  |c geologist  |c Associate Professor of Tomsk Polytechnic University, Candidate of geological and mineralogical sciences  |f 1965-  |g Tatyana Georgievna  |3 (RuTPU)RU\TPU\pers\34020 
701 1 |a Panova  |b E. V.  |c Geologist  |c expert of Tomsk Polytechnic University  |f 1992-  |g Elena Vladimirovna  |3 (RuTPU)RU\TPU\pers\33995  |9 17568 
701 1 |a Abramova  |b R. N.  |c linguist  |c Associate Professor of Tomsk Polytechnic Universit  |f 1950-  |g Raisa Nikolaevna  |3 (RuTPU)RU\TPU\pers\31022 
712 0 2 |a Национальный исследовательский Томский политехнический университет (ТПУ)  |b Институт природных ресурсов (ИПР)  |b Кафедра геологии и разведки полезных ископаемых (ГРПИ)  |3 (RuTPU)RU\TPU\col\18660 
712 0 2 |a Национальный исследовательский Томский политехнический университет (ТПУ)  |b Институт природных ресурсов (ИПР)  |b Кафедра иностранных языков (ИЯПР)  |3 (RuTPU)RU\TPU\col\18662 
801 2 |a RU  |b 63413507  |c 20161121  |g RCR 
856 4 |u http://dx.doi.org/10.1088/1755-1315/27/1/012018 
856 4 |u http://earchive.tpu.ru/handle/11683/19917 
942 |c CF